[Event "FICGS unrated 00003 email"]
[Site "FICGS email"]
[Date "2013.06.02"]
[Round "1"]
[White "Natal, Marcos"]
[Black "Kehayov, Yulian"]
[Result "0-1"]
[WhiteElo "1434"]
[BlackElo "1141"]
[PlyCount "30"]
[EventDate "2013.??.??"]
[EventType "swiss (corr)"]
[EventRounds "1"]
[SourceTitle "Corr 2022"]
[Source "ChessBase"]
[SourceDate "2021.10.24"]
[SourceVersion "1"]
[SourceVersionDate "2021.10.24"]
[SourceQuality "1"]

1. d4 d5 2. g3 Nc6 3. Bg2 Nf6 4. Nf3 e6 5. 0-0 Be7 6. a3 0-0 7. Nbd2 h6 8. c4 dxc4 9. Nxc4 b5 10. Nce5 Nxe5 11. dxe5 Nh7 12. Bf4 f6 13. exf6 Bxf6 14. Be5 Bxe5 15. Nxe5 Rb8 0-1

[Event "FICGS theme 0001 email"]
[Site "FICGS email"]
[Date "2013.03.17"]
[Round "1"]
[White "Tanda, Giovanni"]
[Black "Natal, Marcos"]
[Result "0-1"]
[WhiteElo "2073"]
[BlackElo "1434"]
[PlyCount "24"]
[EventDate "2013.??.??"]
[EventType "swiss (corr)"]
[EventRounds "1"]
[SourceTitle "Corr 2022"]
[Source "ChessBase"]
[SourceDate "2021.10.24"]
[SourceVersion "1"]
[SourceVersionDate "2021.10.24"]
[SourceQuality "1"]

1. e4 e5 2. f4 Nc6 3. Nc3 Bb4 4. Nf3 Bxc3 5. bxc3 exf4 6. d4 d6 7. Bxf4 Nf6 8. Bd3 Bg4 9. 0-0 Qd7 10. Qe1 0-0-0 11. d5 Nb8 12. Nd4 h5 0-1

[Event "FICGS theme 0001 email"]
[Site "FICGS email"]
[Date "2013.03.17"]
[Round "1"]
[White "Teverovski, Bogoljub"]
[Black "Natal, Marcos"]
[Result "1-0"]
[WhiteElo "2083"]
[BlackElo "1434"]
[PlyCount "79"]
[EventDate "2013.??.??"]
[EventType "swiss (corr)"]
[EventRounds "1"]
[SourceTitle "Corr 2022"]
[Source "ChessBase"]
[SourceDate "2021.10.24"]
[SourceVersion "1"]
[SourceVersionDate "2021.10.24"]
[SourceQuality "1"]

1. e4 e5 2. f4 Nc6 3. Bc4 Nf6 4. Nf3 d5 5. exd5 Nxd5 6. fxe5 Bg4 7. 0-0 Bc5+ 8. Kh1 0-0 9. h3 Be6 10. d4 Bb6 11. Bb3 h6 12. c4 Ndb4 13. d5 Bxh3 14. gxh3 Ne7 15. a3 Na6 16. Bc2 Qd7 17. Kg2 Ng6 18. b4 Rae8 19. c5 Bxc5 20. bxc5 Nxc5 21. Qd4 b6 22. e6 fxe6 23. Bxg6 exd5 24. Bxe8 Rxe8 25. Nc3 Ne4 26. Qxd5+ Qxd5 27. Nxd5 c5 28. Bb2 b5 29. Rfe1 a5 30. Be5 Ng5 31. Nxg5 hxg5 32. Nf6+ gxf6 33. Bxf6 Rc8 34. Rad1 Kf7 35. Bxg5 b4 36. Re7+ Kg6 37. h4 b3 38. Rd6+ Kh5 39. Kg3 c4 40. Rh6# 1-0

[Event "FICGS class C 000038 email"]
[Site "FICGS email"]
[Date "2008.01.16"]
[Round "1"]
[White "Castillo, German"]
[Black "Natal, Marcos"]
[Result "1-0"]
[WhiteElo "1826"]
[BlackElo "1833"]
[PlyCount "21"]
[EventDate "2008.??.??"]
[EventType "tourn (corr)"]
[EventRounds "1"]
[SourceTitle "Corr 2022"]
[Source "ChessBase"]
[SourceDate "2021.10.24"]
[SourceVersion "1"]
[SourceVersionDate "2021.10.24"]
[SourceQuality "1"]

1. e4 e5 2. Nf3 Nc6 3. Bb5 a6 4. Ba4 b5 5. Bb3 d6 6. a4 Na5 7. Bd5 c6 8. Ba2 Nf6 9. b4 Nc4 10. d3 Nb6 11. a5 1-0

[Event "FICGS theme 0000 email"]
[Site "FICGS email"]
[Date "2007.10.30"]
[Round "1"]
[White "Natal, Marcos"]
[Black "Stripes, James"]
[Result "0-1"]
[WhiteElo "1800"]
[BlackElo "1700"]
[PlyCount "28"]
[EventDate "2007.??.??"]
[EventType "swiss (corr)"]
[EventRounds "1"]
[SourceTitle "Corr 2022"]
[Source "ChessBase"]
[SourceDate "2021.10.24"]
[SourceVersion "1"]
[SourceVersionDate "2021.10.24"]
[SourceQuality "1"]

1. e4 e6 2. Nf3 d5 3. e5 c5 4. Bb5+ Bd7 5. Bxd7+ Qxd7 6. d3 Nc6 7. 0-0 Nge7 8. Re1 Ng6 9. Na3 Be7 10. c4 dxc4 11. Nxc4 0-0 12. Qb3 Rad8 13. Bd2 Qxd3 14. Bc3 Qd7 0-1

[Event "FICGS class D 000062 email"]
[Site "FICGS email"]
[Date "2007.10.12"]
[Round "1"]
[White "Behrmann, Klaus"]
[Black "Natal, Marcos"]
[Result "0-1"]
[WhiteElo "1671"]
[BlackElo "1800"]
[PlyCount "34"]
[EventDate "2007.??.??"]
[EventType "tourn (corr)"]
[EventRounds "6"]
[SourceTitle "Corr 2022"]
[Source "ChessBase"]
[SourceDate "2021.10.24"]
[SourceVersion "1"]
[SourceVersionDate "2021.10.24"]
[SourceQuality "1"]

1. e4 e5 2. Nf3 Nc6 3. d4 exd4 4. Nxd4 Nxd4 5. Qxd4 Ne7 6. Bc4 Nc6 7. Qd5 Qf6 8. 0-0 Ne5 9. Be2 c6 10. Qb3 Bc5 11. Nc3 0-0 12. Na4 Be7 13. f4 Ng6 14. Be3 b5 15. Nc3 d6 16. f5 Ne5 17. a4 bxa4 0-1